书目信息 |
| 题名: |
杜威家书
|
|
| 作者: | 杜威 , 杜威 著 ;杜威 , 刘幸 编 | |
| 分册: | ||
| 出版信息: | 北京 北京师范大学出版社 2016 |
|
| 页数: | 301页 | |
| 开本: | 19cm | |
| 丛书名: | ||
| 单 册: | ||
| 中图分类: | B712.51 | |
| 科图分类: | ||
| 主题词: | ||
| 电子资源: | ||
| ISBN: | 978-7-303-20437-3 | |
| 000 | 01198nam0 22003011 450 | |
| 001 | 387723 | |
| 005 | 20170502165527.0 | |
| 010 | @a978-7-303-20437-3@dCNY45.00 | |
| 100 | @a20160824d2016 em y0chiy50 ea | |
| 101 | 0 | @achi@ceng |
| 102 | @aCN@b110000 | |
| 105 | @aa z 000ey | |
| 106 | @ar | |
| 200 | 1 | @a杜威家书@9du wei jia shu@dLetters from China and Japan@e1919年所见中国与日本@f(美)约翰·杜威,爱丽丝·C. 杜威著@g(美)伊凡琳·杜威编@g刘幸译@zeng |
| 210 | @a北京@c北京师范大学出版社@d2016 | |
| 215 | @a301页@c图@d19cm | |
| 312 | @a封面英文题名:Letters from China and Japan | |
| 330 | @a1919年,美国哲学家、教育家杜威携夫人到访日本与中国。本书收录的是他们在这一年写给美国家中孩子们的书信。 | |
| 510 | 1 | @aLetters from China and Japan@zeng |
| 517 | 1 | @a1919年所见中国与日本@91919nian suo jian zhong guo yu ri ben |
| 600 | 0 | @a杜威@Adu wei@c(Dewey, John@f1859-1952)@x书信集 |
| 690 | @aB712.51@v5 | |
| 701 | 0 | @c(美)@a杜威@9du wei@c(Dewey, John@f1859~1952)@4著 |
| 701 | 0 | @c(美)@a杜威@9du wei@c(女,Dewey, Alice C.)@4著 |
| 702 | 0 | @c(美)@a杜威@9du wei@4编 |
| 702 | 0 | @a刘幸@9liu xing@c(教育)@4译 |
| 801 | 0 | @aCN@b百万庄@c20170308 |
| 905 | @b1003594-9@dB712.51@e36@f6 | |
| 杜威家书=Letters from China and Japan:1919年所见中国与日本/(美)约翰·杜威,爱丽丝·C. 杜威著/(美)伊凡琳·杜威编/刘幸译.-北京:北京师范大学出版社,2016 |
| 301页:图;19cm |
| ISBN 978-7-303-20437-3:CNY45.00 |
| 1919年,美国哲学家、教育家杜威携夫人到访日本与中国。本书收录的是他们在这一年写给美国家中孩子们的书信。 |
| ● |
| 相关链接 |
|
|
|
|
正题名:杜威家书
索取号:B712.51/36
 
预约/预借
| 序号 | 登录号 | 条形码 | 馆藏地/架位号 | 状态 | 备注 |
| 1 | 1003594 | 210035941 | 第一样本阅览室/ [索取号:B712.51/36] | 在馆 | |
| 2 | 1003595 | 210035950 | 教育系资料室/ [索取号:B712.51/36] | 在馆 | |
| 3 | 1003596 | 210035969 | 教育系资料室/ [索取号:B712.51/36] | 在馆 | |
| 4 | 1003597 | 210035978 | 教育系资料室/ [索取号:B712.51/36] | 在馆 | |
| 5 | 1003598 | 210035987 | 第一借阅区/ [索取号:B712.51/36] | 在馆 | |
| 6 | 1003599 | 210035996 | 第一借阅区/ [索取号:B712.51/36] | 在馆 |